Seminario: planificación y gestión del territorio
Uloženo v:
| Korporace: | , |
|---|---|
| Médium: | Kniha |
| Jazyk: | španělština |
| Vydáno: |
Santiago
Ministerio de Planificación y Cooperación
2004
|
| Témata: | |
| Tagy: |
Přidat tag
Žádné tagy, Buďte první, kdo vytvoří štítek k tomuto záznamu!
|
MARC
| LEADER | 00000nam a2200000 a 4500 | ||
|---|---|---|---|
| 001 | UCK5561 | ||
| 003 | CL-VaPUC | ||
| 008 | 050805e20040000cl 1 spa d | ||
| 082 | 0 | 4 | |a 307.1 |b GOB |2 21 |
| 110 | 2 | |a Gobierno de Chile |e author |9 620776 | |
| 710 | 2 | |a Ministerio de Planificación y Cooperación |e author |9 620777 | |
| 245 | 1 | 0 | |a Seminario: planificación y gestión del territorio |
| 260 | |a Santiago |b Ministerio de Planificación y Cooperación |c 2004 | ||
| 300 | |a pág. irreg | ||
| 650 | 0 | 7 | |a DESARROLLO NACIONAL |2 CL-VaPUC |9 338456 |
| 650 | 0 | 0 | |a Gestión pública |9 388888 |
| 650 | 0 | 0 | |a Planificación urbana |9 258176 |
| 942 | |c BK | ||
| 945 | |a jcarroza |d 20050805 00:00:00 | ||
| 546 | |a En Español | ||
| 536 | |a Ministerio de Planificación y Cooperación | ||
| 518 | |p Seminario Planificación y Gestión del Territorio, 1, Santiago, 5 y 6 de octubre 2004 | ||
| 999 | |c 384153 |d 384151 | ||
| 583 | |k Rodrigo Vera | ||
| 952 | |0 0 |1 0 |4 0 |6 307_100000000000000_GOB_2004 |7 0 |8 F |9 506646 |a BIBING |b BIBING |d 2020-01-23 |i 4146913 |o 307.1 GOB 2004 |p 4146913 |r 2023-03-02 |w 2020-01-23 |y BK_F |k GEO | ||